000 00595nam a2200229Ia 4500
003 OSt
005 20220918193014.0
006 a|||||r|||| 00| 0
007 ta
008 220917b |||||||| |||| 00| 0 eng d
024 _a71,484
037 _cTextual
040 _aARTS
_cARTS
_beng
041 _2eng
_aeng
082 _aR4, J8
100 _aMontefiore Alan
_980840
245 0 _aModern introduction to moral philosophy
260 _aLondon
_bRoutlege and Kegan Paul
_c1967
650 _aETHICS
942 _hR4, J8
_cTEXL
_2CC
999 _c197557
_d197557